5HLuxD.jpg

KING HENRY VIII SENIOR AND PRIMARY SCHOOL LIBRARY OPAC

Seashore food chains / (Record no. 1446)

000 -LEADER
fixed length control field 00765pam a2200253 a 4500
003 - CONTROL NUMBER IDENTIFIER
control field OSt
005 - DATE AND TIME OF LATEST TRANSACTION
control field 20221229153557.0
008 - FIXED-LENGTH DATA ELEMENTS--GENERAL INFORMATION
fixed length control field 050719s2005 nyua j 001 0 eng
020 ## - INTERNATIONAL STANDARD BOOK NUMBER
International Standard Book Number 9780778719953 (pbk.)
040 ## - CATALOGING SOURCE
Original cataloging agency CaOONL
Language of cataloging eng
Transcribing agency CaOONL
Modifying agency CaOONL
-- CaOL
-- KH8
082 ## - DEWEY DECIMAL CLASSIFICATION NUMBER
Classification number 577.69916 CRO
100 1# - MAIN ENTRY--PERSONAL NAME
Personal name Crossingham, John,
Dates associated with a name 1974-
Relator term author
245 10 - TITLE STATEMENT
Title Seashore food chains /
Statement of responsibility, etc. John Crossingham & Bobbie Kalman.
260 ## - PUBLICATION, DISTRIBUTION, ETC.
Place of publication, distribution, etc. New York :
Name of publisher, distributor, etc. Crabtree Publishing Co.,
Date of publication, distribution, etc. c2005.
300 ## - PHYSICAL DESCRIPTION
Extent 32 p. :
Other physical details col. ill.
490 1# - SERIES STATEMENT
Series statement Food chains.
500 ## - GENERAL NOTE
General note Includes index.
650 #0 - SUBJECT ADDED ENTRY--TOPICAL TERM
Topical term or geographic name entry element Seashore ecology.
650 #0 - SUBJECT ADDED ENTRY--TOPICAL TERM
Topical term or geographic name entry element Food chains (Ecology).
650 #0 - SUBJECT ADDED ENTRY--TOPICAL TERM
Topical term or geographic name entry element Seashore.
700 1# - ADDED ENTRY--PERSONAL NAME
Personal name Kalman, Bobbie,
Dates associated with a name 1947-
Relator term author
830 #0 - SERIES ADDED ENTRY--UNIFORM TITLE
Uniform title Food chains series.
942 ## - ADDED ENTRY ELEMENTS (KOHA)
Source of classification or shelving scheme
Koha item type Books - Non Ficton
Holdings
Withdrawn status Lost status Source of classification or shelving scheme Damaged status Not for loan Collection code Permanent Location Current Location Shelving location Date acquired Total Checkouts Full call number Barcode Date last seen Date last checked out Price effective from Koha item type
          Non-Fiction KH8 Primary School Library KH8 Primary School Library Non Fiction 2022-12-29 14 577.69916 CRO KHPL000003225 2025-12-05 2025-02-14 2022-12-29 Books - Non Ficton

Powered By KH8 IT Dept